000 00341nam a22001457a 4500
008 221024b ||||| |||| 00| 0 eng d
020 _a9780721658353
041 _aeng
080 _29TH EDITION
_a612.39
082 _a612.39 MAH
100 _a16.2
101 _aNUTRI
245 _aFOOD NUTRITION DIET THERAPY
_cMAHAN K
942 _2udc
_cBK
999 _c58665
_d58665